| 000 | 00597nam a22001937a 4500 | ||
|---|---|---|---|
| 999 |
_c13004 _d13004 |
||
| 003 | AR-CdUCM | ||
| 008 | 190410b ||||| |||| 00| 0 spa d | ||
| 040 |
_aMUNICIPALIDAD PROVINCIAL DEL CUSCO _cBIBLIOTECA MUNICIPAL DEL CUSCO |
||
| 082 |
_a910 / _bG84 |
||
| 100 |
_aR _931159 |
||
| 245 |
_aRegiones : _b¿Si o No ? / |
||
| 260 |
_aLima : _bGráfica Bellido, _c1993. |
||
| 300 |
_a154 paginas ; _c20 cm. |
||
| 505 | _aContenido :Descentralismo historia de una ilusión / | ||
| 650 |
_aRegiones _94240 |
||
| 650 |
_aDecentralisacion _931160 |
||
| 942 |
_2ddc _cLIBROS |
||
| 945 |
_arjall _d2019-04-10 |
||